书目信息 |
| 题名: |
财务会计学
|
|
| 作者: | 班景刚 主编 ;方海芹 , 张秀梅 副主编 | |
| 分册: | ||
| 出版信息: | 上海 立信会计出版社 2008.01 |
|
| 页数: | 726页 | |
| 开本: | 21cm | |
| 丛书名: | ||
| 单 册: | ||
| 中图分类: | F234.4 | |
| 科图分类: | ||
| 主题词: | 财务会计--高等学校--教材 | |
| 电子资源: | ||
| ISBN: | 978-7-5429-1955-7 | |
| 000 | 00882nam0 2200253 450 | |
| 001 | 012008601134 | |
| 005 | 20101123170525.78 | |
| 010 | @a978-7-5429-1955-7@dCNY38.00 | |
| 100 | @a20101129d2008 em y0chiy0110 ea | |
| 101 | 0 | @achi |
| 102 | @aCN@b310000 | |
| 105 | @ay z 000yy | |
| 200 | 1 | @a财务会计学@Acai wu kuai ji xue@f班景刚主编@g方海芹, 张秀梅副主编 |
| 210 | @a上海@c立信会计出版社@d2008.01 | |
| 215 | @a726页@d21cm | |
| 300 | @a21世纪普通高等教育经管类课程教材 | |
| 330 | @a本书内容包括:财务会计的基本理论、存货、金融资产、长期股权投资、固定资产、无形资产和其他资产、投资性房地产、非货币性资产交换、负债、所有者权益等。 | |
| 606 | 0 | @a财务会计@x高等学校@x教材 |
| 690 | @aF234.4@v4 | |
| 701 | 0 | @a班景刚@Aban jing gang@4主编 |
| 702 | 0 | @a方海芹@Afang hai qin@4副主编 |
| 702 | 0 | @a张秀梅@Azhang xiu mei@4副主编 |
| 801 | 0 | @aCN@c20101129 |
| 905 | @dF234.4@eB174 | |
| 财务会计学/班景刚主编/方海芹, 张秀梅副主编.-上海:立信会计出版社,2008.01 |
| 726页;21cm |
| 21世纪普通高等教育经管类课程教材 |
| ISBN 978-7-5429-1955-7:CNY38.00 |
| 本书内容包括:财务会计的基本理论、存货、金融资产、长期股权投资、固定资产、无形资产和其他资产、投资性房地产、非货币性资产交换、负债、所有者权益等。 |
| ● |
| 相关链接 |
|
|
|
正题名:财务会计学
索取号:F234.4/B174
 
预约/预借
| 序号 | 登录号 | 条形码 | 馆藏地/架位号 | 状态 | 备注 |
| 1 | 1035373 | 210353730 | 社科库409/409社科库 77排4列4层/ [索取号:F234.4/B174] | 在馆 | |
| 2 | 1035374 | 210353749 | 社科二线422/409社科库 77排4列4层/ [索取号:F234.4/B174] | 在馆 | |
| 3 | 1035375 | 210353758 | 社科库409/409社科库 77排4列4层/ [索取号:F234.4/B174] | 在馆 | |
| 4 | 1035376 | 210353767 | 社科二线422/409社科库 77排4列4层/ [索取号:F234.4/B174] | 在馆 | |
| 5 | 1035377 | 210353776 | 社科二线422/409社科库 77排4列4层/ [索取号:F234.4/B174] | 在馆 |